Φορτώνει......

Foundations of news and journalism/

Λεπτομέρειες βιβλιογραφικής εγγραφής
Κύριος συγγραφέας: Chauhan,Swati
Άλλοι συγγραφείς: Chandra,Navin
Μορφή: Printed Book
Έκδοση: New Delhi: Kanishka publishers,distributors, 2005.
Έκδοση:2nd.ed.
LEADER 00541nam a22001577a 4500
020 |a 8173912033 
082 |a 070 CHA/F 
100 |a Chauhan,Swati 
245 |a Foundations of news and journalism/  |c Swati Chauhan and Navin Chandra 
250 |a 2nd.ed. 
260 |a New Delhi:  |b Kanishka publishers,distributors,  |c 2005. 
300 |a 324p. 
700 |a Chandra,Navin 
942 |c BK 
999 |c 258014  |d 258014 
952 |0 0  |1 0  |4 0  |6 070_000000000000000_CHA_F  |7 0  |9 287251  |a RUS  |b RUS  |c ST1  |d 2012-06-26  |g 0.00  |i 6241  |l 0  |o 070 CHA/F  |p RUS6241  |r 2014-02-14  |w 2014-02-14  |y BK